Detalles MARC
| 000 -CABECERA |
| campo de control de longitud fija |
01097cam a2200253 a 4500 |
| 001 - NÚMERO DE CONTROL |
| campo de control |
000010557 |
| 005 - FECHA Y HORA DE LA ÚLTIMA TRANSACCIÓN |
| campo de control |
20200929162241.0 |
| 008 - DATOS DE LONGITUD FIJA--INFORMACIÓN GENERAL |
| campo de control de longitud fija |
741028s1969 ve ac 001 0 spa d |
| 040 ## - FUENTE DE LA CATALOGACIÓN |
| Centro catalogador/agencia de origen |
DO-SdBNP |
| Lengua de catalogación |
spa |
| Centro/agencia transcriptor |
DLC |
| Centro/agencia modificador |
NSyU |
| -- |
BNPHU |
| 082 ## - NÚMERO DE LA CLASIFICACIÓN DECIMAL DEWEY |
| Número de clasificación |
928.6 |
| Número de documento/Ítem |
B224M |
| 049 ## - FONDOS LOCALES (OCLC) |
| Fondos de biblioteca |
BNGR |
| 100 1# - ENTRADA PRINCIPAL--NOMBRE DE PERSONA |
| Nombre de persona |
Millares Carlo, Agustín, |
| Fechas asociadas al nombre |
1893-1980. |
| 9 (RLIN) |
21293 |
| 245 10 - MENCIÓN DE TÍTULO |
| Título |
Rafael María Baralt, 1810-1860 : |
| Resto del título |
estudio biográfico, crítico y bibliográfico / |
| Mención de responsabilidad, etc. |
Agustín Millares Carlo. |
| 260 ## - PUBLICACIÓN, DISTRIBUCIÓN, ETC. |
| Lugar de publicación, distribución, etc. |
Caracas, Venezuela : |
| Nombre del editor, distribuidor, etc. |
Universidad Central de Venezuela, |
| Fecha de publicación, distribución, etc. |
1969. |
| 300 ## - DESCRIPCIÓN FÍSICA |
| Extensión |
xiii, 484 p. : |
| Otras características físicas |
il., retrs. ; |
| Dimensiones |
22 cm. |
| 490 1# - MENCIÓN DE SERIE |
| Mención de serie |
Ediciones de la Biblioteca de la Universidad Central de Venezuela |
| Designación de volumen o secuencia |
38 |
| 490 1# - MENCIÓN DE SERIE |
| Mención de serie |
Ciencias sociales |
| Designación de volumen o secuencia |
13 |
| 504 ## - NOTA DE BIBLIOGRAFÍA, ETC. |
| Nota de bibliografía, etc. |
Incluye referencias bibliográficas (p. [231]-348). |
| 600 14 - PUNTO DE ACCESO ADICIONAL DE MATERIA--NOMBRE DE PERSONA |
| Nombre de persona |
BARALT, RAFAEL MARIA, |
| Fechas asociadas al nombre |
1810-1860. |
| 9 (RLIN) |
20697 |
| 600 14 - PUNTO DE ACCESO ADICIONAL DE MATERIA--NOMBRE DE PERSONA |
| Nombre de persona |
BARALT, RAFAEL MARIA, |
| Fechas asociadas al nombre |
1810-1860. |
| Subdivisión general |
CRÍTICA E INTERPRETACIÓN |
| 9 (RLIN) |
4102 |
| 830 #0 - PUNTO DE ACCESO ADICIONAL DE SERIE-TÍTULO UNIFORME |
| Título uniforme |
Ediciones de la biblioteca de la Universidad Central de Venezuela ; |
| Designación de volumen o secuencia |
38 |
| 9 (RLIN) |
25620 |
| 830 #0 - PUNTO DE ACCESO ADICIONAL DE SERIE-TÍTULO UNIFORME |
| Título uniforme |
Ciencias sociales ; |
| Designación de volumen o secuencia |
13 |
| 9 (RLIN) |
13247 |
| 910 ## - DATOS DE OPCIÓN DEL USUARIO (OCLC) |
| Datos de opción del usuario |
Catalogación por copia / LC |